| 000 | 00673nam a2200121Ia 4500 | ||
|---|---|---|---|
| 008 | 220615s9999||||xx |||||||||||||| ||und|| | ||
| 100 | _aGraham, Mark W. | ||
| 245 | 0 | _aNews and Frontier Consciousness in the Late Roman Empire | |
| 546 | _aEnglish[eng] | ||
| 650 | _aClassics||Ammianus Marcellinus||Late antiquity||Libanius||Limes||Roman Empire||Roman Republic||Worldview | ||
| 856 | _uhttps://library.oapen.org/bitstream/20.500.12657/30230/1/648348.pdf||https://library.oapen.org/bitstream/20.500.12657/30230/1/648348.pdf||https://library.oapen.org/bitstream/20.500.12657/30230/1/648348.pdf||https://library.oapen.org/bitstream/20.500.12657/30230/1/648348.pdf | ||
| 942 | _cEB | ||
| 999 |
_c11067 _d11067 |
||